Cochin Saga (Record no. 26987)

MARC details
000 -LEADER
fixed length control field 00561nam a2200169 a 4500
005 - DATE AND TIME OF LATEST TRANSACTION
control field 20250326102523.0
008 - FIXED-LENGTH DATA ELEMENTS--GENERAL INFORMATION
fixed length control field 960221s1955 dcuabcdjdbkoqu001 0deng d
100 ## - MAIN ENTRY--PERSONAL NAME
Personal name Bristow, Robert
245 ## - TITLE STATEMENT
Title Cochin Saga
250 ## - EDITION STATEMENT
Edition statement 2nd ed
260 ## - PUBLICATION, DISTRIBUTION, ETC. (IMPRINT)
Place of publication, distribution, etc Cochin
Name of publisher, distributor, etc Paico Publishing House
Date of publication, distribution, etc 1967
300 ## - PHYSICAL DESCRIPTION
Extent xvi, 264p.
500 ## - GENERAL NOTE
General note Bibliog. P. 543-546
653 ## - INDEX TERM--UNCONTROLLED
Uncontrolled term Industrial management
-- Advanced Management
-- Managemnet
-- Business administration
-- Management
-- Marketing
-- Personnel management
-- Job analysis
-- Personal management
-- Business
942 ## - ADDED ENTRY ELEMENTS (KOHA)
item type Under processing
003 - CONTROL NUMBER IDENTIFIER
control field ViArRB
Holdings
Lost status Source of classification or shelving scheme Not for loan Home library Current library Date acquired Total Checkouts Full call number Barcode Date last seen Date checked out Price effective from Koha item type
  Universal Decimal Classification   University Library University Library 16/06/2010 3 954.83 BRI/C;1 00004876 02/05/2019 16/11/2018 16/06/2010 Books
University Library, CUSAT